Η επίδραση της πειρατείας στη ναυτιλία κατά τον 21ο αιώνα : διπλωματική εργασία
Αποθηκεύτηκε σε:
| Κύριος συγγραφέας: | |
|---|---|
| Συγγραφή απο Οργανισμό/Αρχή: | |
| Άλλοι συγγραφείς: | |
| Μορφή: | Thesis Βιβλίο |
| Γλώσσα: | Greek |
| Δημοσίευση: |
2011
|
| Θέματα: | |
| Ετικέτες: |
Προσθήκη ετικέτας
Δεν υπάρχουν, Καταχωρήστε ετικέτα πρώτοι!
|
MARC
| LEADER | 00000cam a2200000 i 4500 | ||
|---|---|---|---|
| 001 | 1/31574 | ||
| 008 | 130611s2011 gre d | ||
| 035 | |l 10114760 | ||
| 040 | |a GR-MY-UA |b gre |e aacr | ||
| 041 | 0 | |a gre | |
| 082 | 0 | |a 387.2 |2 (22) | |
| 100 | 1 | |a Πιτσινέλη, Αθανασία. | |
| 245 | 1 | 2 | |a Η επίδραση της πειρατείας στη ναυτιλία κατά τον 21ο αιώνα : |b διπλωματική εργασία / |c Πιτσινέλη Αθανασία ; επιβλέπων καθηγητής: Πέτρος Σιούσιουρας |
| 260 | |c 2011 | ||
| 300 | |a 54 σ.; |c 30 εκ. | ||
| 502 | # | # | |a Πτυχιακή εργασία – Πανεπιστήμιο Αιγαίου, Χίος, 2011. |
| 504 | |a Περιλαμβάνει βιβλιογραφία | ||
| 650 | 0 | 0 | |a Piracy. |
| 650 | 0 | 0 | |a Pirates. |
| 650 | 0 | 0 | |a Hijacking of ships. |
| 650 | 0 | 0 | |a Law of the sea. |
| 650 | 0 | 0 | |a Dissertations, Academic |z Greece. |
| 700 | 1 | |4 ths |a Σιούσιουρας, Πέτρος Π. | |
| 710 | 1 | |a Πανεπιστήμιο Αιγαίου |b Σχολή Επιστημών της Διοίκησης |b Τμήμα Ναυτιλίας και Επιχειρηματικών Υπηρεσιών - Τ.Ν.Ε.Υ. | |
| 852 | |a INST |b CHIOS |c DIATR |e 20130611 |h 387.2 ΠΙΤ |p 005200031706 |q 005200031706 |t DIE |y 23 | ||
| 852 | |a INST |b CHIOS |c DIATR |e 20130611 |h 387.2 ΠΙΤ |p 005200031709 |q 005200031709 |t DIE |y 23 | ||
| 901 | |a BIBL2-2013-2 | ||
| 909 | |a Χ |b 149417 | ||
| 909 | |a Χ |b 149420 | ||
| 924 | |a ΠΙΤΣΙΝΕΛΗ |b ΑΘΑΝΑΣΙΑ |y ΧΙΟΣ |z 2011-03 | ||
| 970 | |a ΠΑΡΟΙΚΑΚΗ |b ΒΑΣΙΛΙΚΗ |z 2013/06/11 | ||